Normal view
MARC view
- Murray, Patrick R.
Entry Personal Name
001 - CONTROL NUMBER
- control field: 39964
003 - CONTROL NUMBER IDENTIFIER
- control field: OSt
005 - DATE AND TIME OF LATEST TRANSACTION
- control field: 20160511144618.0
008 - FIXED-LENGTH DATA ELEMENTS
- fixed length control field: 160511|| aca||aabn | a|a d
040 ## - CATALOGING SOURCE
- Original cataloging agency: OSt
100 1# - HEADING--PERSONAL NAME
- Personal name: Murray, Patrick R.